000 00241nam a22000977a 4500
999 _c5081
_d5081
008 250520b ||||| |||| 00| 0 eng d
082 _aE FIC HEN
245 _aA SURPRISE FOR MUM!
260 _aAUSTRALIA
_bFIVE MILES PRESS PTY LTD
942 _2ddc